Los géneros radiofónicos /

Guardado en:
Autor Principal: Atorresi, Ana
Formato: Libro
Publicado: Buenos Aires : Colihue, 1995
Series:Colección literaria leer y crear ; 123
Materias:
Etiquetas: Agregar Etiqueta
Sin Etiquetas, Sea el primero en etiquetar este registro!
LEADER 00680nam a22002295a 4500
001 CEM.cems014732
005 20160907194514.0
008 130507s1995##################000#0#####d
003 CEMS
020 |a 9505811233 
082 0 4 |a 808.22 
100 1 |a Atorresi, Ana 
245 1 0 |a Los géneros radiofónicos /  |c Selección, Introducción, Notas y Propuestas de Trabajo Ana Atorresi 
260 |a Buenos Aires :  |b Colihue,  |c 1995 
300 |a 203 p. 
490 0 |a Colección literaria leer y crear ; 123 
653 |a Literatura 
653 |a Radio 
653 |a Historia 
653 |a Radiofonía 
653 |a Radioteatro 
859 |a CEMS  |b BIB. CEMS - 11 de abril  |h 808.22  |i At72  |p 27325.16  |t Ej.1